Manual práctico de Lengua alemana.

Gespeichert in:
Bibliographische Detailangaben
1. Verfasser: Pino, Manuel Del. Autor
Format: keine Angabe
Sprache:Spanisch
Deutsch
Erschienen: Madrid Jaime Ratés Matín 1906
Katalog:MANES:  Suchergebnis im Bibliothekskatalog
Schulbuchspezifische Eigenschaften:
Tags: Tag hinzufügen
Keine Tags, Fügen Sie den ersten Tag hinzu!
Hinzugefügt zu:26.04.2016
Geändert in:07.05.2025

MARC

LEADER 000000000a22000000004500
001 10965
003 OSt
005 20250507134325.0
008 160427s sp ||||| |||| 00| 0 spa d
041 1 |a ger  |a spa 
040 |c centro_manes 
561 |5 es-BUNED  |3 LT 0679  |a España. Fondo Manes UNED  |k MANES 
691 0 |a PRI 
100 1 |a Pino, Manuel Del. Autor  |9 6273 
245 0 0 |a Manual práctico de Lengua alemana. 
260 3 |a Madrid  |b Jaime Ratés Matín  |c 1906 
300 |a VIII, 426 p.  |c 20,7 x 13 cm 
690 0 |a LEN 
942 |2 ddc  |c BK 
546 |a España 
999 |c 16939  |d 16939 
999 |c manes:16939  |d 16939